| 000 | 00751nam a2200229 i 4500 | ||
|---|---|---|---|
| 001 | 47248 | ||
| 003 | ES-MaACL | ||
| 005 | 20230906161528.0 | ||
| 007 | t| | ||
| 008 | 030404s1957 sp ||||1| cat d | ||
| 100 | 1 |
_aCoolen, Antoon. _940366 |
|
| 245 | 1 | 3 |
_aEl bon assassí _b: novel-la / _cAntoon Coolen ; [traduit del neerlandés por Marcel-la Schlomer y Ferrán Canyameres]. |
| 250 | _a1ª ed. | ||
| 260 |
_aBarcelona : _bAymá, _c[1957] ( _fRafael Salvá) |
||
| 300 |
_a193 p. ; _c19 cm. |
||
| 490 | 1 |
_aEl club dels novel-listes ; _v6 |
|
| 700 | 1 |
_aSchlomer, Marcel-la. _9104431 |
|
| 700 | 1 |
_aCanyameres, Ferran. _9181837 |
|
| 830 | 0 |
_aEl club dels novel-listes ; _v6 _9181454 |
|
| 852 |
_aES-MaACL _jC-13415 _bR.41009 |
||
| 999 |
_c47248 _d47248 |
||